000 00651cam a22002531 4500
001 sa 66004271
003 DLC
005 20260227112241.0
008 881020s1965 xx 000 0 hino
010 _asa 66004271
035 _a(OCoLC)23566460
040 _aDLC
_cMiU
_dDLC
042 _apremarc
043 _aa-ii---
050 0 0 _aHE271
_b.S25
100 1 _aSaksena, S. C.
245 1 0 _aYātāyāta ke siddhānta evaṃ samasyāyeṃ.
260 _c[1965]
300 _aiv, 572, iv p.
_c22 cm.
500 _aRomanized.
650 0 _aTransportation
_zIndia.
650 0 _aTransportation
740 0 _aPrinciples & problems of transport.
999 _c69308
_d69308